000 00901cam a2200217 4500
001 WB3816-15
008 020430n2002 000 0 eng u
035 _a(Sirsi) u117783
245 _aQuarterly index still buoyant
260 _c2002
490 _aProperty Week
_v67(16) 26 April 2002, 17(1)
520 _aThe latest quarterly Kingfisher/"Property Week" Index reveals that lending conditions in the UK commercial property market are still healthy with a level of 104%, only slightly down from 110% six months ago. The index measures the sustainable loan-to-value ratio by reference to yields and interest rates. Graph.
590 _aWB
650 _aYIELDS
650 _aINTEREST RATES
650 _aLENDING MARKET
650 _aKINGFISHER/PROPERTY WEEK INDEX
650 _aPROPERTY-COMMERCIAL PROPERTY
690 _aMANAGEMENT-BUSINESS MANAGEMENT-FINANCIAL MANAGEMENT
942 _n0
999 _c70133
_d70133